Geography Quiz

Random Geography or State Quiz
Score 0/24 Timer 04:00
0 Plays Today
State County % Correct
NCMecklenburg County
83.9%
OHCuyahoga County
78.5%
NCIredell County
71%
OHSummit County
71%
SCYork County
69.9%
NCSurry County
69.9%
SCRichland County
67.7%
OHStark County
66.7%
NCYadkin County
64.5%
VAWythe County
64.5%
OHWashington County
64.5%
SCFairfield County
59.1%
State County % Correct
SCChester County
59.1%
WVKanawha County
58.1%
OHTuscarawas County
58.1%
VABland County
57%
OHGuernsey County
57%
VACarroll County
54.8%
WVRaleigh County
54.8%
WVMercer County
52.7%
OHNoble County
50.5%
WVWood County
49.5%
WVFayette County
47.3%
WVJackson County
47.3%
Remove Ads.
Support Sporcle.
Get the best of Sporcle when you Go Orange. This ad-free experience offers more features, more stats, and more fun while also helping to support Sporcle. Thank you for becoming a member.

You're not logged in!

Compare scores with friends on all Sporcle quizzes.
OR
Log In

Show Comments

Extras

Created Jul 28, 2012ReportNominate
Tags:State Quiz, counties

Top Quizzes Today


Score Distribution

Your Account Isn't Verified!

In order to create a playlist on Sporcle, you need to verify the email address you used during registration. Go to your Sporcle Settings to finish the process.

Report this User

Report this user for behavior that violates our Community Guidelines.

Details: